000 00703nam a22002417a 4500
003 UA-OsUOA
001 80091
007 ta
008 20111128b un ||||| |||| 00| 0 ukr d
100 _aФельдман И.А.
090 _a641/642
_bФ39
942 _cBK
040 _aUA-OsUOA
_brus
_cUA-OsUOA
_dUA-OsUOA
245 _aКулинарная мудрость: Кухня народов мира
300 _a256 с.
955 _a2
041 _arus
080 _a641/642
260 _aК.
_bРеклама
_c1978
250 _n4-е изд.
650 7 _a641/642 Харчування. Харчові продукти. Приготування їжі. Страви
_2UDC
999 _c366409
_d366409